Residential construction Academy : Plumbing
| Main Author: | |
|---|---|
| Format: | Book |
| Published: |
New York :
Thomson Delmar Learning ,
2005
|
| Subjects: |
MARC
| LEADER | 00000cam a2200000 7i4500 | ||
|---|---|---|---|
| 001 | 0000015947 | ||
| 005 | 20050922.0 | ||
| 020 | |a 1401848915 | ||
| 040 | |a INS | ||
| 090 | 0 | 0 | |a TH6123 |b J69 2005 |
| 100 | 1 | |a Joyce, Micheal | |
| 245 | 1 | 0 | |a Residential construction Academy : |b Plumbing |c Michael Joyce |
| 260 | |a New York : |b Thomson Delmar Learning , |c 2005 | ||
| 300 | |a xxv : |b 545p ; |c 28cm. | ||
| 650 | 0 | 0 | |a House construction |
| 650 | 0 | 0 | |a Plumbing |
| 999 | |a 0000015697 |b BOOK |c Open Shelf |e Default branch | ||